Webová aplikácia na e-learning
Saved in:
| Main Author: | |
|---|---|
| Other Authors: | |
| Format: | Manuscript Book |
| Language: | Slovak |
| Published: |
Bratislava :
STU v Bratislave FEI,
2025
|
| Subjects: | |
| Online Access: | https://opac.crzp.sk/?fn=detailBiblioFormChildQBA3UK&sid=8D80AD18777FCC7F64B0B64DC29E&seo=CRZP-detail-kniha |
| Tags: |
No Tags, Be the first to tag this record!
|
MARC
| LEADER | 00000ntm a22000003a 4500 | ||
|---|---|---|---|
| 001 | stuzp95814 | ||
| 003 | SK-STU | ||
| 005 | 20260127153149.2 | ||
| 007 | ta | ||
| 008 | 150427s2015----xo-----f-mn---000-0-slo-d | ||
| 040 | |a STU |b slo | ||
| 041 | 0 | |a slo | |
| 044 | |a xo | ||
| 100 | 1 | |a Táborský, Martin |u 035000 |4 aut |U FEI Fakulta elektrotechniky a informatiky |T FEI Ústav informatiky a matematiky |X 115105 |U E050 |Y 816 |7 115105 | |
| 242 | 0 | 1 | |a Web-application for e-learning |y eng |
| 245 | 1 | 0 | |a Webová aplikácia na e-learning |
| 260 | |a Bratislava : |b STU v Bratislave FEI, |c 2025 | ||
| 300 | |a 55 s. | ||
| 650 | 4 | |a e-learning |2 slo | |
| 650 | 4 | |a Kapitalový trh |2 slo | |
| 650 | 4 | |a webová aplikácia |2 slo | |
| 650 | 4 | |a web application |2 eng | |
| 650 | 4 | |a Capital market |2 eng | |
| 650 | 4 | |a e-learning |2 eng | |
| 700 | 1 | |a Bucz, Štefan |4 ths |X 17719 |7 A000017719 | |
| 856 | 4 | |u https://opac.crzp.sk/?fn=detailBiblioFormChildQBA3UK&sid=8D80AD18777FCC7F64B0B64DC29E&seo=CRZP-detail-kniha | |